000 00555nam a2200217Ia 4500
003 OSt
005 20220928144048.0
006 a|||||r|||| 00| 0
007 ta
008 220927b |||||||| |||| 00| 0 eng d
024 _a23919
037 _cTextual
040 _aSDCL
_cSDCL
_beng
041 _2eng
_aeng
082 _aQ1:24, K0
100 _aMukhopadhyaya Govinda Gopal
_9506610
245 0 _aStudies in the upanishads.
260 _c1960
942 _hQ1:24, K0
_cTEXL
_2CC
999 _c825847
_d825847